00726nam a2200193 a 45000010005000000030009000050080041000140200015000550400028000700820018000981000019001162450070001352500006002052600035002113000010002464900037002565050212002936500027005053540CO-ViMGA141112s2004 ck r 000 u spa d a9507011404 aCO-ViMGAbspacCO-ViMGA04a370.7122 S7161 aStapich, Elena10aCon tan y con son : bla lengua materna en la educación inicial a1 aBuenos Aires : bAique, c1993 a103 p aAportes a la educación inicial aLa danza del lenguaje. Nombrar la vida. Atesorando palabras. La literatura infantil como punto de partida. Los chicos hablan sobre si mismo. Expansion de la capacidad creativa. El baño de lenguaje escrito.14aeducación PREESCOLAR